[Event "Euro Online U2300 Day 1"]
[Site "chess.com INT"]
[Date "2020.05.25"]
[Round "4"]
[White "Kanyamarala, Tarun"]
[Black "Zubcu, Vlad-George"]
[Result "1/2-1/2"]
[WhiteTitle "FM"]
[WhiteElo "2381"]
[BlackElo "2199"]
[WhiteFideId "45004714"]
[BlackFideId "1219715"]
[EventDate "2020.05.25"]

1. d4 Nf6 2. c4 e6 3. Nc3 Bb4 4. f3 d5 5. a3 Bxc3+ 6. bxc3 c5 7. cxd5 exd5 8. e3
c4 9. Ne2 Nc6 10. a4 O-O 11. g4 Na5 12. Bg2 Nb3 13. Ra2 Re8 14. O-O Qe7 15. Kf2
h5 16. g5 Nh7 17. h4 f6 18. g6 Nf8 19. Nf4 f5 20. Rh1 Nxc1 21. Qxc1 Qd6 22. Qa3
Qc6 23. Qc5 Qxc5 24. dxc5 Bd7 25. Nxd5 Rac8 26. Nf4 Rxc5 27. Rd1 Bc6 28. Bf1 Nd7
29. Nxh5 Ne5 30. Be2 Nxg6 31. Rg1 Kh7 32. f4 Re7 33. Rg3 Ra5 34. Bxc4 Rxa4 35.
Rxa4 Bxa4 36. Bd3 Bd7 37. Rg1 b6 38. Ng3 Rf7 39. h5 Ne7 40. Ne2 a5 41. Nd4 a4
42. Ke2 Rf8 43. Kd2 Ra8 44. Kc2 a3 45. Kb3 a2 46. Ra1 Kh6 47. Be2 Be8 48. Rxa2
Rxa2 49. Kxa2 Bxh5 50. Bc4 g5 51. fxg5+ Kxg5 52. Ne6+ Kf6 53. Nf4 Bf7 54. Bxf7
Kxf7 55. Kb3 Kf6 56. Kc4 Ke5 57. Kd3 Nd5 1/2-1/2

[Event "Euro Online U2300 Day 1"]
[Site "chess.com INT"]
[Date "2020.05.25"]
[Round "4"]
[White "Khachatryan, Anna"]
[Black "Strybuk, Artsiom I"]
[Result "1/2-1/2"]
[WhiteTitle "WFM"]
[BlackTitle "FM"]
[WhiteElo "2071"]
[BlackElo "2215"]
[WhiteFideId "13310780"]
[BlackFideId "13515659"]
[EventDate "2020.05.25"]

1. d4 Nf6 2. c4 g6 3. Nc3 d5 4. Nf3 Bg7 5. Bg5 Ne4 6. cxd5 Nxg5 7. Nxg5 e6 8.
Nf3 exd5 9. e3 O-O 10. Be2 c6 11. O-O Qe7 12. a3 Bg4 13. b4 a6 14. Nd2 Bxe2 15.
Qxe2 Nd7 16. Nb3 b5 17. Rac1 Nb6 18. Na5 Qd6 19. Nb7 Qc7 20. Nc5 Rfe8 21. Qd3
Nc4 22. a4 Bf8 23. a5 Bd6 24. h3 Re7 25. Rfe1 Bxc5 26. dxc5 Rae8 27. Re2 Qe5 28.
Rce1 Qf6 29. Qc2 Re5 30. Qd3 R5e6 31. Qc2 h5 32. Qd3 h4 33. Qc2 Re5 34. Qd3 Qe6
35. Qd4 Qf6 36. Qd3 Rg5 37. Qd4 Rge5 38. e4 Qf4 39. Qd3 dxe4 40. Rxe4 Rxe4 41.
Rxe4 Rxe4 42. Nxe4 Qc1+ 43. Kh2 Qf4+ 44. Kg1 Qc1+ 45. Kh2 Qf4+ 46. Kg1 1/2-1/2

[Event "Euro Online U2300 Day 1"]
[Site "chess.com INT"]
[Date "2020.05.25"]
[Round "4"]
[White "Khojayan, Vardan"]
[Black "Prohorov, Olexandr"]
[Result "1-0"]
[BlackTitle "FM"]
[WhiteElo "2266"]
[BlackElo "2086"]
[WhiteFideId "13303520"]
[BlackFideId "14105578"]
[EventDate "2020.05.25"]

1. c4 g6 2. Nc3 Bg7 3. g3 f5 4. Bg2 Nf6 5. e3 O-O 6. Nge2 d6 7. O-O e5 8. d3 Nc6
9. Rb1 a5 10. a3 Be6 11. Nd5 Qd7 12. b4 axb4 13. axb4 Nd8 14. b5 Qf7 15. b6 c6
16. Nc7 Rc8 17. Nxe6 Nxe6 18. Ba3 Rfd8 19. Qd2 Ra8 20. Bb2 h5 21. Ra1 Nd7 22.
Qb4 Rxa1 23. Rxa1 f4 24. Nc3 Ndc5 25. Rd1 Rf8 26. exf4 exf4 27. f3 Bd4+ 28. Kh1
fxg3 29. Ne2 Qg7 30. Nxd4 Nxd4 31. Qc3 Nce6 32. Re1 c5 33. f4 Rxf4 34. Rxe6 Nxe6
35. Bd5 g2+ 36. Kxg2 Rd4 37. Bxe6+ Kh7 38. Qe1 Rg4+ 39. Bxg4 Qxb2+ 40. Be2 Qxb6
41. Qf2 Kg7 42. Qe3 Qc7 43. Bf3 Qf7 44. Qe4 b6 45. Qb7 Qxb7 46. Bxb7 Kf6 47. Kf3
Ke5 48. Be4 g5 49. Bg6 h4 50. Kg4 d5 51. Bf7 dxc4 52. dxc4 Kf6 53. Be8 Ke5 54.
Kxg5 h3 55. Kg4 Kd4 56. Bb5 1-0

[Event "Euro Online U2300 Day 1"]
[Site "chess.com INT"]
[Date "2020.05.25"]
[Round "4"]
[White "Rabatin, Jakub"]
[Black "Acs, Gabor"]
[Result "0-1"]
[WhiteTitle "FM"]
[WhiteElo "2271"]
[BlackElo "1977"]
[WhiteFideId "329517"]
[BlackFideId "719536"]
[EventDate "2020.05.25"]

1. e4 e5 2. Nf3 Nc6 3. Bb5 a6 4. Ba4 d6 5. c3 Bd7 6. O-O g6 7. d4 Bg7 8. dxe5
dxe5 9. Bg5 Nge7 10. Nbd2 h6 11. Be3 O-O 12. Qe2 b6 13. Bb3 Qc8 14. Rad1 Be6 15.
Nc4 b5 16. Ncd2 Na5 17. Bc5 Nxb3 18. axb3 Re8 19. Rfe1 Qb7 20. b4 Nc6 21. Nf1 a5
22. Ne3 a4 23. Nd5 a3 24. bxa3 Rxa3 25. Ra1 Rea8 26. Qb2 R3a4 27. Red1 Nb8 28.
Ne7+ Kh7 29. Nd2 Rxa1 30. Rxa1 Nd7 31. Rxa8 Qxa8 32. Be3 f5 33. exf5 gxf5 34. g4
f4 35. Qc2+ Kh8 36. Qg6 Nf8 37. Qh5 fxe3 38. fxe3 Qa1+ 39. Nf1 Qxc3 40. g5 Qxb4
41. gxh6 Bf6 42. Nf5 Bxf5 43. Qxf5 Qh4 44. Ng3 Qxh6 45. Ne4 Qxe3+ 46. Kg2 Qe2+
47. Kg1 Bg7 48. Ng5 Qd1+ 49. Kg2 Qd5+ 50. Kg3 Qc4 51. Ne4 Qe6 52. Qh5+ Qh6 53.
Qe2 Qf4+ 54. Kg2 b4 55. Nc5 Qg5+ 56. Kf1 Qc1+ 57. Kg2 Qxc5 0-1

[Event "Euro Online U2300 Day 1"]
[Site "chess.com INT"]
[Date "2020.05.25"]
[Round "4"]
[White "Paprocki, Jaroslaw"]
[Black "Mammadov, Sadig"]
[Result "1-0"]
[BlackTitle "FM"]
[WhiteElo "2248"]
[BlackElo "2237"]
[WhiteFideId "1122274"]
[BlackFideId "13408712"]
[EventDate "2020.05.25"]

1. e4 e6 2. d4 d5 3. Nc3 Bb4 4. e5 c5 5. a3 Bxc3+ 6. bxc3 Ne7 7. Qg4 Qa5 8. Bd2
Nf5 9. Bd3 g6 10. Nf3 c4 11. Bxf5 exf5 12. Qh4 Be6 13. O-O Nd7 14. Rfb1 b6 15.
a4 Qa6 16. Bh6 Rg8 17. Ng5 O-O-O 18. Nxe6 fxe6 19. Bg5 Rde8 20. Qxh7 Qa5 21. Ra3
Qa6 22. Be7 Nxe5 23. Bd6 Nd7 24. Qf7 Qb7 25. a5 Nb8 26. Qf6 b5 27. a6 Qc6 28.
Bxb8 Kxb8 29. Ra5 Ka8 30. Rbxb5 Rb8 31. Qf7 Rgf8 32. Rxb8+ Rxb8 33. h4 Rb6 34.
Qg8+ Rb8 35. Qxg6 Rb1+ 36. Kh2 Qc7+ 37. g3 Rb6 38. Rxd5 Rxa6 39. Rc5 Qd8 40. d5
f4 41. Rc6 Rxc6 42. dxc6 fxg3+ 43. fxg3 a5 44. Qg5 1-0

[Event "Euro Online U2300 Day 1"]
[Site "chess.com INT"]
[Date "2020.05.25"]
[Round "4"]
[White "Patrelakis, Evaggelos"]
[Black "Patrascu, Catalin-Lucian"]
[Result "1-0"]
[BlackTitle "FM"]
[WhiteElo "2259"]
[BlackElo "2320"]
[WhiteFideId "4295102"]
[BlackFideId "1229052"]
[EventDate "2020.05.25"]

1. e4 c6 2. d4 d5 3. e5 Bf5 4. Nf3 e6 5. Be2 h6 6. O-O Ne7 7. Nbd2 Bh7 8. Nb3
Nf5 9. Bd2 Be7 10. c4 dxc4 11. Bxc4 Nd7 12. a4 Nb6 13. Be2 Nd5 14. a5 O-O 15.
Bd3 Nb4 16. Be4 Kh8 17. Qe2 Nd5 18. Rfc1 Rc8 19. Qd3 Bg6 20. Rc2 Nb4 21. Bxb4
Bxb4 22. a6 b6 23. Rxc6 Qd7 24. Rac1 Rxc6 25. Bxc6 Qe7 26. Be4 Qd7 27. Qc4 Be7
28. d5 exd5 29. Bxd5 Rd8 30. Be4 Bf8 31. g3 Ne7 32. Bxg6 Nxg6 33. Kg2 Kh7 34. h4
Qf5 35. Nbd4 Qg4 36. Qxf7 Rxd4 37. Nxd4 Qxd4 38. h5 Nxe5 39. Qxf8 Qd5+ 40. Kh3
Qe6+ 41. Kh2 Ng4+ 42. Kg1 Nf6 43. Qc8 Qe4 44. Qc2 1-0

[Event "Euro Online U2300 Day 1"]
[Site "chess.com INT"]
[Date "2020.05.25"]
[Round "4"]
[White "Rusu, Vlad"]
[Black "Nikac, Predrag"]
[Result "1-0"]
[BlackTitle "IM"]
[WhiteElo "1833"]
[BlackElo "2313"]
[WhiteFideId "55623344"]
[BlackFideId "908975"]
[EventDate "2020.05.25"]

1. e4 c5 2. Nf3 Nc6 3. c3 g6 4. d4 cxd4 5. cxd4 Bg7 6. Nc3 d6 7. Be3 Nf6 8. h3
O-O 9. Be2 e5 10. d5 Ne7 11. O-O Nh5 12. Nd2 Nf4 13. f3 f5 14. Nc4 a6 15. a4
fxe4 16. fxe4 Bh6 17. Qd2 Rf6 18. Kh2 Bg7 19. Rxf4 exf4 20. Bxf4 Qf8 21. Bg3 Bh6
22. Qd4 Bg7 23. Qe3 Bd7 24. Nxd6 Bh6 25. Qg1 Rxd6 26. Bxd6 Qf6 27. Qc5 Rc8 28.
Qb4 a5 29. Qa3 Re8 30. Bxe7 Rxe7 31. Rf1 Qe5+ 32. g3 Bf8 33. Qb3 Be8 34. d6+ Rf7
35. Bc4 Bxd6 36. Bxf7+ Kg7 37. Ne2 Bc6 38. Bxg6 hxg6 39. Qf7+ Kh6 40. Rf4 Be7
41. Nc3 g5 42. Rf5 Qd6 43. e5 Qd2+ 44. Rf2 Qc1 45. Qe6+ Kh5 46. g4+ Kh4 47. Qh6# 1-0

[Event "Euro Online U2300 Day 1"]
[Site "chess.com INT"]
[Date "2020.05.25"]
[Round "4"]
[White "Baskin, Robert"]
[Black "Terletsky, Oleg"]
[Result "1-0"]
[WhiteTitle "IM"]
[BlackTitle "IM"]
[WhiteElo "2390"]
[BlackElo "2307"]
[WhiteFideId "24662402"]
[BlackFideId "14116774"]
[EventDate "2020.05.25"]

1. e4 e5 2. Nf3 Nc6 3. Bb5 a6 4. Ba4 Nf6 5. O-O Be7 6. Re1 b5 7. Bb3 d6 8. c3
O-O 9. h3 Bb7 10. d4 Re8 11. Nbd2 Bf8 12. a3 h6 13. Bc2 Nb8 14. b4 Nbd7 15. Bb2
g6 16. dxe5 dxe5 17. c4 Nh5 18. c5 Qf6 19. Nb3 Rad8 20. Qe2 Nf4 21. Qe3 Nb8 22.
h4 g5 23. hxg5 hxg5 24. g3 Nh3+ 25. Kg2 g4 26. Nh2 Bc8 27. Qe2 Qg6 28. Bd1 Rxd1
29. Raxd1 Nc6 30. Nd2 Nd4 31. Bxd4 exd4 32. Nb3 f5 33. Nxd4 Rxe4 34. Qa2+ Kh8
35. Rxe4 fxe4 36. Qd5 Qf6 37. Rd2 Ng5 38. Re2 Bg7 39. Nc2 Bf5 40. Ne3 Be6 41.
Qa8+ Kh7 42. Qxa6 Nf3 43. Nhxg4 Bxg4 44. Qxf6 Bxf6 45. Nxg4 1-0

[Event "Euro Online U2300 Day 1"]
[Site "chess.com INT"]
[Date "2020.05.25"]
[Round "4"]
[White "Tarasova, Viktoriya"]
[Black "Peycheva, Gergana"]
[Result "0-1"]
[WhiteTitle "WIM"]
[BlackTitle "FM"]
[WhiteElo "2226"]
[BlackElo "2255"]
[WhiteFideId "4175840"]
[BlackFideId "2916711"]
[EventDate "2020.05.25"]

1. d4 Nf6 2. c4 e6 3. Nc3 Bb4 4. Qc2 O-O 5. Nf3 c5 6. dxc5 Na6 7. g3 Nxc5 8. Bg2
b6 9. O-O Bb7 10. Nb5 Nce4 11. a3 Be7 12. Ng5 d5 13. Nxe4 Nxe4 14. cxd5 exd5 15.
Nd4 Rc8 16. Qd1 Qd7 17. Be3 Bf6 18. f3 Nd6 19. Bf2 Rfe8 20. b3 Nb5 21. Re1 Ba6
22. Bf1 Rc3 23. Nxb5 Bxb5 24. Rb1 d4 25. Qd2 Rec8 26. Rb2 Qd6 27. a4 Ba6 28. Rd1
d3 29. exd3 Qd5 30. b4 Qxf3 31. Bg2 Qxd1+ 32. Qxd1 Rc1 33. Rb1 Rxd1+ 34. Rxd1
Rd8 35. b5 Bc8 36. d4 Bg4 37. Rc1 Bxd4 38. Bxd4 Rxd4 39. h3 Be6 40. Ra1 Bb3 41.
a5 Rd1+ 42. Rxd1 Bxd1 43. axb6 axb6 44. Bc6 Kf8 45. Kf2 Ke7 46. Ke3 Kd6 47. Kd4
g5 48. h4 gxh4 49. gxh4 f5 50. Be8 Be2 51. Bc6 f4 52. Ke4 f3 53. Ke3 Ke5 54.
Bxf3 Bxb5 55. Be4 h6 56. Bb1 Bd7 57. Bd3 b5 58. Be2 b4 59. Bc4 Be6 60. Bd3 b3
61. Kd2 Bf5 62. Bxf5 Kxf5 63. Kc3 Kg4 64. Kxb3 Kxh4 65. Kc2 Kg3 66. Kd2 h5 67.
Ke2 Kg2 68. Ke3 h4 0-1

[Event "Euro Online U2300 Day 1"]
[Site "chess.com INT"]
[Date "2020.05.25"]
[Round "4"]
[White "Junge, Kai"]
[Black "Nilssen, Ellen Fredericia"]
[Result "1-0"]
[BlackTitle "WFM"]
[WhiteElo "2181"]
[BlackElo "2071"]
[WhiteFideId "4605454"]
[BlackFideId "1441230"]
[EventDate "2020.05.25"]

1. Nf3 d5 2. g3 Nf6 3. Bg2 e6 4. O-O c5 5. d3 Be7 6. Nbd2 Nc6 7. e4 b6 8. Re1
Bb7 9. c3 Qc7 10. Qe2 h6 11. a3 O-O-O 12. b4 g5 13. e5 Nd7 14. b5 Na5 15. h3 h5
16. g4 hxg4 17. hxg4 f5 18. exf6 Bxf6 19. d4 Rde8 20. Ne5 Bxe5 21. dxe5 Rh4 22.
Nf1 d4 23. cxd4 Bxg2 24. Kxg2 Qb7+ 25. Qf3 Rxg4+ 26. Ng3 Qxf3+ 27. Kxf3 Rxd4 28.
Bxg5 Rf8+ 29. Kg2 Rd5 30. f4 c4 31. Rac1 Nc5 32. Be7 Rxf4 33. Bxc5 Rxc5 34. Ne4
Rc7 35. Kg3 Rf8 36. Nf6 Nb3 37. Rc3 Nd4 38. Re4 Rd8 39. a4 Rc5 40. Kf4 Kb7 41.
Ke3 Nf5+ 42. Kf4 Rd4 43. Rxd4 Nxd4 44. Ke4 Nb3 45. Ne8 Nd2+ 46. Ke3 Nb1 47. Rxc4
Rxe5+ 48. Kf4 Rc5 49. Re4 e5+ 50. Kf5 Nc3 51. Rh4 e4+ 52. Ke6 e3 53. Nd6+ Kc7
54. Ne8+ Kd8 55. Nd6 Kc7 56. Rh7+ Kb8 57. Rh8+ Kc7 58. Rc8# 1-0

[Event "Euro Online U2300 Day 1"]
[Site "chess.com INT"]
[Date "2020.05.25"]
[Round "4"]
[White "Mitic, Milan"]
[Black "Johansson, Carl Fredrik"]
[Result "1-0"]
[BlackTitle "CM"]
[WhiteElo "1993"]
[BlackElo "2205"]
[WhiteFideId "945560"]
[BlackFideId "1701576"]
[EventDate "2020.05.25"]

1. f4 e5 2. fxe5 d6 3. exd6 Bxd6 4. Nf3 Nf6 5. d4 Ng4 6. e4 Nxh2 7. e5 Nxf3+ 8.
Qxf3 Be7 9. Be3 Nc6 10. Bc4 Be6 11. Bxe6 fxe6 12. Qh5+ g6 13. Qg4 Qd7 14. Nc3
O-O-O 15. O-O-O Nb4 16. Rdf1 Nd5 17. Nxd5 Qxd5 18. Kb1 Rdf8 19. Rc1 Rf5 20. Rhd1
Rhf8 21. c4 Qd7 22. Qe4 c6 23. d5 Kb8 24. dxc6 Qxc6 25. Qxc6 bxc6 26. Rd7 Bg5
27. Bxa7+ Kc8 28. Rcd1 Rxe5 29. Bb6 Re2 30. a4 Bf6 31. R7d2 Re4 32. b3 Bg5 33.
Rd7 Re2 34. Rxh7 Rxg2 35. Rc7+ Kb8 36. Rxc6 Bf6 37. Rcd6 Rb2+ 38. Kc1 Rxb3 39.
c5 Rc8 40. Rxe6 Bg5+ 41. Kc2 Rb4 42. Rb1 Rxa4 43. Bd8+ Ka7 44. Bxg5 Rxc5+ 45.
Kb3 Rb5+ 46. Kxa4 Rxb1 47. Rxg6 Kb7 48. Rd6 Rb6 49. Rd4 Kc6 50. Be3 Rb1 51. Rc4+
Kd5 52. Rh4 Rd1 53. Bb6 Rb1 54. Rh5+ Kc4 55. Rc5+ Kd3 56. Ba5 Kd4 57. Rc8 Rb7
58. Bb4 Kd5 59. Kb3 Rb6 60. Rd8+ Ke4 61. Kc4 Rc6+ 62. Bc5 Re6 63. Rd1 Kf3 64.
Kd3 Kf4 65. Bd4 Kf5 66. Rf1+ Kg6 67. Rf3 Kg5 68. Rg3+ Kf4 69. Rg8 Ra6 70. Rf8+
Kg3 71. Be3 Ra3+ 72. Ke4 Ra4+ 73. Bd4 Kg2 74. Rg8+ Kf1 75. Ke3 Ra3+ 76. Ke4 Ra4
77. Rg1+ Ke2 78. Rg2+ Kd1 79. Kd3 Ra3+ 80. Bc3 1-0

[Event "Euro Online U2300 Day 1"]
[Site "chess.com INT"]
[Date "2020.05.25"]
[Round "4"]
[White "Rozgonyi, Aron"]
[Black "Olsen, Filip Boe"]
[Result "1-0"]
[BlackTitle "IM"]
[WhiteElo "2117"]
[BlackElo "2353"]
[WhiteFideId "706159"]
[BlackFideId "1440640"]
[EventDate "2020.05.25"]

1. e4 c5 2. Nf3 d6 3. d4 cxd4 4. Nxd4 Nf6 5. Nc3 a6 6. Be2 e5 7. Nf3 h6 8. O-O
Be6 9. Be3 Be7 10. h3 O-O 11. Qd2 Nbd7 12. Rad1 b5 13. a3 Rc8 14. Nh2 Nb6 15.
Ng4 Nxg4 16. hxg4 Nc4 17. Bxc4 Rxc4 18. f3 Qc7 19. Rf2 Rc8 20. g3 g5 21. Nd5
Bxd5 22. Qxd5 Rxc2 23. Rxc2 Qxc2 24. Rc1 Qxc1+ 25. Bxc1 Rxc1+ 26. Kf2 Rc2+ 27.
Kf1 Rxb2 28. Qb7 Kf8 29. Qxa6 Rb3 30. Ke2 Rb2+ 31. Ke3 Rb3+ 32. Ke2 Rb2+ 33. Kf1
Kg7 34. Qb7 Bf8 35. a4 b4 36. Ke1 b3 37. Qb5 Be7 38. Kd1 Bd8 39. Kc1 Rc2+ 40.
Kb1 Rc3 41. Qb4 Rd3 42. Kb2 Kf8 43. a5 Bxa5 44. Qxa5 Kg7 45. Qd8 Kg6 46. Qd7 Kg7
47. Qe7 Kg6 48. Qf8 Rxf3 49. Qxd6+ Rf6 50. Qxe5 Re6 51. Qf5+ Kg7 52. Kxb3 Re7
53. e5 Re6 54. Kc4 Rg6 55. Kd5 Rb6 56. Qf2 Rg6 57. Qf5 Rb6 58. Qc8 Rg6 59. Ke4
Re6 60. Kf5 Rg6 61. Qc3 Re6 62. Qd4 Kg8 63. Qd7 Rg6 64. Qc8+ Kg7 65. Qe8 Rb6 66.
Qe7 Rg6 67. Qc5 Re6 68. Qc3 Kg8 69. Qc8+ Kg7 70. Qxe6 fxe6+ 71. Kxe6 Kf8 72. Kf6
Ke8 73. e6 Kf8 74. e7+ Ke8 75. Ke6 h5 76. gxh5 g4 77. Kf6 Kd7 78. Kf7 1-0

[Event "Euro Online U2300 Day 1"]
[Site "chess.com INT"]
[Date "2020.05.25"]
[Round "4"]
[White "Tobak, Mikhail"]
[Black "Maximov, Oleg"]
[Result "1-0"]
[WhiteElo "2067"]
[BlackElo "2219"]
[WhiteFideId "14165570"]
[BlackFideId "4176960"]
[EventDate "2020.05.25"]

1. e4 c5 2. Nf3 g6 3. c3 Bg7 4. d4 cxd4 5. cxd4 d5 6. e5 Bg4 7. Nc3 e6 8. Be2
Nh6 9. O-O O-O 10. h3 Bxf3 11. Bxf3 Nf5 12. Bg4 Nc6 13. Bxf5 gxf5 14. Be3 f6 15.
f4 Kh8 16. Nb5 Qb6 17. Qd3 Nb4 18. Qe2 Nc2 19. Qxc2 Qxb5 20. Rac1 Qd7 21. Qc7
Rf7 22. Qxd7 Rxd7 23. Rc5 Bf8 24. Rc2 Kg7 25. Rfc1 Rad8 26. Rc8 Rxc8 27. Rxc8
Bb4 28. Kf2 Kf7 29. Ke2 Be7 30. Kd3 Bd8 31. Bf2 fxe5 32. dxe5 a6 33. g4 Kg6 34.
b4 fxg4 35. hxg4 h5 36. gxh5+ Kxh5 37. f5 Bg5 38. fxe6 Re7 39. Kd4 Rxe6 40. Kxd5
Re7 41. e6 Kg6 42. Bc5 Rh7 43. Rg8+ Kf5 44. Rf8+ Kg6 45. Bd6 Bf6 46. Re8 Rh5+
47. Kc4 b5+ 48. Kb3 Rh7 49. e7 Rg7 50. Ra8 Kf5 51. e8=Q 1-0

[Event "Euro Online U2300 Day 1"]
[Site "chess.com INT"]
[Date "2020.05.25"]
[Round "4"]
[White "Vanek, Tomas"]
[Black "Khalafova, Narmin"]
[Result "0-1"]
[WhiteTitle "FM"]
[BlackTitle "WGM"]
[WhiteElo "2080"]
[BlackElo "2279"]
[WhiteFideId "313459"]
[BlackFideId "13402625"]
[EventDate "2020.05.25"]

1. e4 d6 2. d4 Nf6 3. Nc3 g6 4. Be2 Bg7 5. h4 c5 6. d5 e6 7. h5 exd5 8. h6 Bf8
9. exd5 Be7 10. Bf4 O-O 11. Qd2 a6 12. O-O-O b5 13. f3 Bb7 14. Bg5 Nbd7 15. Nh3
Nb6 16. Kb1 b4 17. Ne4 Nfxd5 18. Bxe7 Qxe7 19. Rhe1 f5 20. Neg5 Qf6 21. Bf1 Na4
22. Qc1 Ndc3+ 23. Ka1 Nxd1 24. Rxd1 d5 25. Nf2 Rfe8 26. f4 c4 27. Nf3 Qb6 28.
Nh3 Qe3 29. Ne5 Qxc1+ 30. Rxc1 Nc5 31. Ng5 Ne4 32. Ngf3 Rac8 33. Rd1 Nf6 34. c3
bxc3 35. bxc3 Re7 36. Kb2 Ne4 37. Kc2 a5 38. Rb1 Nf6 39. Nd4 Ng4 40. Nxg4 fxg4
41. Be2 g3 42. Bg4 Rce8 43. Rb5 a4 44. Rb4 Kf7 45. Rxa4 Bc8 46. Rb4 Bxg4 47. a4
Bf5+ 48. Nxf5 gxf5 49. Kb2 Re2+ 50. Ka3 Rc2 51. Rb7+ Re7 52. Rxe7+ Kxe7 53. Kb4
Rxg2 54. a5 Ra2 0-1

[Event "Euro Online U2300 Day 1"]
[Site "chess.com INT"]
[Date "2020.05.25"]
[Round "4"]
[White "Iro, Christian"]
[Black "Sernecki, Franciszek"]
[Result "1/2-1/2"]
[BlackTitle "FM"]
[WhiteElo "2081"]
[BlackElo "2243"]
[WhiteFideId "1637606"]
[BlackFideId "1169297"]
[EventDate "2020.05.25"]

1. e4 c6 2. d4 d5 3. Nc3 dxe4 4. Nxe4 Nd7 5. Nf3 Ngf6 6. Ng3 e6 7. Bc4 Be7 8.
O-O O-O 9. c3 c5 10. h3 b6 11. Be3 Bb7 12. Qe2 Qc7 13. Rad1 Rfd8 14. Bb3 Rac8
15. Rd2 Nd5 16. Bxd5 Bxd5 17. c4 Bxf3 18. Qxf3 cxd4 19. Bxd4 Qxc4 20. Rfd1 Nf6
21. a3 Qb5 22. Ne4 Nxe4 23. Qxe4 Bf8 24. Bc3 Rxd2 25. Rxd2 a5 26. Qb7 Qc6 27.
Rd7 f6 28. h4 e5 29. h5 h6 30. g3 Qxb7 31. Rxb7 Rc6 32. Kg2 Bxa3 33. Bxe5 Bc5
34. Rb8+ Kf7 35. Rb7+ Kg8 36. Rb8+ Kh7 37. Bc3 Rd6 38. Rb7 Kg8 39. Rb8+ Kf7 40.
Rb7+ Kf8 41. g4 Re6 42. Rb8+ Kf7 43. Kf3 Re7 44. Rd8 Ke6 45. Ke2 Rd7 46. Rxd7
Kxd7 47. b3 Kc6 48. Kf3 Kd5 49. Kf4 Bxf2 50. Kf5 Bd4 51. Bd2 Kd6 52. Kg6 Ke6 53.
Be1 Ke7 54. Kxg7 f5+ 55. Kxh6 fxg4 56. Kg5 b5 57. Kxg4 a4 58. bxa4 bxa4 59. Bb4+
Kf7 60. Kf5 Bb2 61. Ke4 a3 62. Bxa3 Bxa3 63. Kf5 Bb2 64. h6 Kg8 65. h7+ Kxh7 1/2-1/2

[Event "Euro Online U2300 Day 1"]
[Site "chess.com INT"]
[Date "2020.05.25"]
[Round "4"]
[White "Kacharava, Nikolozi"]
[Black "Tsomaia, Nikoloz"]
[Result "1-0"]
[WhiteTitle "IM"]
[WhiteElo "2437"]
[BlackElo "2240"]
[WhiteFideId "13611860"]
[BlackFideId "13611518"]
[EventDate "2020.05.25"]

1. e4 e5 2. Nf3 Nc6 3. Bc4 Bc5 4. c3 Nf6 5. d3 O-O 6. O-O d5 7. exd5 Nxd5 8. Re1
Bg4 9. Nbd2 Nb6 10. h3 Bh5 11. Bb5 Bd6 12. a4 a6 13. Bxc6 bxc6 14. a5 Nd5 15.
Ne4 f6 16. Ng3 Bf7 17. Nd2 Bc5 18. Nde4 Ba7 19. Nf5 Qd7 20. Qf3 Be6 21. Neg3
Rab8 22. Ra4 Nf4 23. Bxf4 Bxf5 24. Be3 Bxe3 25. Nxf5 Bf4 26. Rxf4 exf4 27. Qg4
Rf7 28. Nh6+ Kf8 29. Nxf7 Qxg4 30. hxg4 Kxf7 31. b4 c5 32. Re4 cxb4 33. cxb4 g5
34. Kf1 Rd8 35. Ke2 Rd6 36. Kd2 Rd5 37. Kc3 Rd7 38. Kc4 Rd6 39. Kc3 Kg6 40. Rc4
Rd7 41. Rc6 Re7 42. Kd2 Rd7 43. Rxa6 Rd5 44. Rc6 Rb5 45. Kc3 Re5 46. a6 Re2 47.
Kb3 Re7 48. a7 1-0

[Event "Euro Online U2300 Day 1"]
[Site "chess.com INT"]
[Date "2020.05.25"]
[Round "4"]
[White "Marchenko, Anton"]
[Black "Golovanj, Yaroslav"]
[Result "0-1"]
[WhiteElo "2103"]
[BlackElo "2013"]
[WhiteFideId "14118416"]
[BlackFideId "14113791"]
[EventDate "2020.05.25"]

1. e4 e5 2. Nf3 Nc6 3. Nc3 Nf6 4. d4 exd4 5. Nxd4 d6 6. Bb5 Bd7 7. O-O Be7 8.
Re1 O-O 9. Bxc6 bxc6 10. Qf3 c5 11. Nf5 Bxf5 12. Qxf5 Re8 13. Bg5 h6 14. Bh4 c6
15. Rad1 Nh7 16. Bg3 Rb8 17. b3 Rb7 18. Rd3 Qd7 19. Qxd7 Rxd7 20. Red1 Red8 21.
Na4 d5 22. e5 Ng5 23. f3 Ne6 24. Bf2 Nf4 25. R3d2 Ne6 26. g3 g5 27. Nb2 Bf8 28.
Be3 Bg7 29. f4 gxf4 30. gxf4 d4 31. f5 Nf8 32. f6 dxe3 33. Rxd7 Rxd7 34. Rxd7
Nxd7 35. fxg7 Nxe5 36. Kf1 Nf3 37. h3 Nd4 38. c3 Nb5 39. Nd1 Kxg7 40. Ke2 Kf6
41. Kxe3 Kg5 42. a4 Nd6 43. Nf2 Nf5+ 44. Ke4 Ng3+ 45. Ke5 Ne2 46. Ne4+ Kh4 47.
Kf6 Kxh3 48. Kxf7 h5 49. Kf6 h4 50. Kg5 Ng1 51. Nxc5 Nf3+ 52. Kf4 Kg2 53. Ne4 h3
54. b4 h2 55. Ng3 Nd2 56. b5 cxb5 57. axb5 Nf1 0-1

[Event "Euro Online U2300 Day 1"]
[Site "chess.com INT"]
[Date "2020.05.25"]
[Round "4"]
[White "Zeman, Matyas"]
[Black "Potpara, Nikola"]
[Result "1-0"]
[WhiteElo "2278"]
[BlackElo "2373"]
[WhiteFideId "364398"]
[BlackFideId "910058"]
[EventDate "2020.05.25"]

1. e4 c5 2. Nf3 e6 3. c4 Nc6 4. Nc3 g5 5. h3 Bg7 6. Bd3 h6 7. Bc2 Nge7 8. d3 d6
9. a3 a6 10. Qe2 Rb8 11. Ba4 Bd7 12. O-O Ng6 13. Bxc6 Bxc6 14. a4 O-O 15. a5 b5
16. axb6 Rxb6 17. Qc2 Qc7 18. Rd1 Rfb8 19. d4 cxd4 20. Nxd4 Be8 21. b3 Be5 22.
Be3 Qe7 23. Rab1 Qf6 24. Qe2 Nf4 25. Qf3 h5 26. Nce2 Nxe2+ 27. Qxe2 Qg6 28. Nf3
R6b7 29. Bxg5 Bc6 30. Re1 Rxb3 31. Rxb3 Rxb3 32. Nxe5 dxe5 33. Bh4 a5 34. Bg3 f6
35. Qd1 a4 36. Qd8+ Be8 37. Rd1 Kh7 38. Qe7+ Qf7 39. Qc5 a3 40. Ra1 a2 41. Rxa2
Rb1+ 42. Kh2 Rb7 43. Ra8 Rc7 44. Qb4 Bc6 45. c5 Bxa8 46. Qb8 Bc6 47. Bh4 Kg6 48.
Qh8 Bxe4 49. f3 Bd5 50. g4 hxg4 51. hxg4 Qh7 52. Qxf6# 1-0

[Event "Euro Online U2300 Day 1"]
[Site "chess.com INT"]
[Date "2020.05.25"]
[Round "4"]
[White "Shapkin, Anatoliy"]
[Black "Poghosyan, Suren"]
[Result "0-1"]
[BlackTitle "FM"]
[WhiteElo "2283"]
[BlackElo "2275"]
[WhiteFideId "34108332"]
[BlackFideId "13303201"]
[EventDate "2020.05.25"]

1. d4 Nf6 2. c4 c5 3. d5 b5 4. cxb5 a6 5. bxa6 Bxa6 6. Nc3 g6 7. Nf3 Bg7 8. e4
Bxf1 9. Kxf1 O-O 10. h3 d6 11. g3 Nbd7 12. Kg2 Ra6 13. Qc2 Qa8 14. Rd1 Rb8 15.
a4 Rb4 16. Bd2 Qb7 17. b3 e6 18. Rab1 Rab6 19. Be1 exd5 20. Nxd5 Nxd5 21. Rxd5
Rxe4 22. Qxe4 Nf6 23. Qe2 Qxd5 24. a5 Rb8 25. a6 Ne4 26. Rd1 Qc6 27. Qc4 h6 28.
b4 Ng5 29. Rd3 Bd4 30. Bd2 Ne6 31. Kg1 Qe4 32. Kg2 d5 33. Qc2 c4 34. Rc3 Bxc3
35. Qxc3 Nc7 36. a7 Ra8 37. Bxh6 Ne6 38. Qa1 d4 39. b5 c3 40. b6 Qb7 41. Qa5 c2
42. g4 d3 43. Kg3 g5 44. Qd2 Qxb6 45. Nxg5 Qc7+ 46. Kh4 c1=Q 47. Qxd3 Q1c2 48.
Qd5 Qg6 49. Qxa8+ Nd8 50. Qf3 Qxh6# 0-1